Statistics for Countries with Most Olympic Medals in Gymnastics

Click here to take the quiz!

General Stats

  • This quiz has been taken 15,666 times
    (14,563 since last reset)
  • The average score is 12 of 17

Answer Stats

GSBMedalsCountry% Correct
374235114United States
100%
26181761China
98%
23914Great Britain
96%
31333498Japan
94%
10151944Russia
93%
14121541Germany / West Germany
93%
310922France
92%
145928Italy
82%
817247200Soviet Union / Unified Team
75%
25202671Romania
67%
53412Ukraine
65%
52411Yugoslavia
54%
15111440Hungary
52%
6131736East Germany
45%
12131035Czechoslovakia
45%
16191449Switzerland
42%
851225Finland
37%

Score Distribution

Percentile by Number Answered

Percent of People with Each Score

Your Score History

You have not taken this quiz since the last reset